000 01012nam a2200301 a 4500
999 _c529444
_d529444
001 445167
003 NUST
005 20190926111103.0
008 821102s1982 dcu b 000 0 eng
010 _a 82050868
020 _a0309034167 (pbk.) :
_c$6.80
038 _aMSOHAIL
040 _aDLC
_cDLC
_dDLC
050 0 0 _aTE205
_b.B87 1982
082 0 0 _a625.7028
_219
100 1 _aBurke, John E.
_921517
245 1 0 _aNew-product evaluation procedures /
_cJohn E. Burke ; topic panel, Frederick M. Boyce, Jr. ... [et al.].
260 _aWashington, D.C. :
_bTransportation Research Board, National Research Council,
_c[1982]
300 _a34 p. ;
_c28 cm.
440 0 _aSynthesis of highway practice,
_x0547-5570 ;
_v90
_921518
500 _a"June, 1982."
504 _aBibliography: p. 24.
650 0 _aRoad materials
_xTesting.
_921230
650 0 _aNew products
_xTesting.
_921519
650 0 _aHighway engineering.
_921520
906 _a7
_bcbc
_corignew
_d2
_eocip
_f19
_gy-gencatlg
942 _2ddc
_cBK